| 000 | 01107 a2200253 4500 | ||
|---|---|---|---|
| 005 | 20260204104109.0 | ||
| 008 | 260204b |||||||| |||| 00| 0 eng d | ||
| 020 | _a9789357750974 (hbk) | ||
| 037 | _cTB | ||
| 040 |
_aCRL _cCRL |
||
| 041 |
_2hin _ahin |
||
| 084 |
_aR61 152R4 _qCRL |
||
| 100 |
_aसिंह, कर्ण _9860745 |
||
| 245 |
_aहिन्दू दर्शन: _bएक समकालीन दृष्टि |
||
| 250 | _a5 संस्करण | ||
| 260 |
_aनयी दिल्ली, भारत: _bवाणी प्रकाशन, _c2024. |
||
| 300 | _a192पृ. | ||
| 365 |
_b695.00 _cINR |
||
| 490 | _aलोकोदय ग्रंथमाला : ग्रंथांक 604 | ||
| 650 |
_aदर्शन शास्त्र _91113516 |
||
| 650 |
_aहिन्दू दर्शन _91113517 |
||
| 942 |
_cTB _2CC _n0 _e5 संस्करण _hR61 152R4 |
||
| 999 |
_c1466712 _d1466712 |
||